الإسلام وأثره في الحضارة وفضله على الإنسانية : بحث تاريخي وتحليلي لأثر الإسلام والبعثة المحمدية في الحضارة الإنسانية al'iislam wa'atharuh fi alhadarat wafaddlah ealaa al'iinsaniat : bahth tarikhiun watahliliun li'athar al'iislam walbiethat almuhamadiat fi alhadarat al'iinsania / (Record no. 81196)
[ view plain ]
| 000 -LEADER | |
|---|---|
| fixed length control field | 01015naa a2200193 a 4500 |
| 001 - CONTROL NUMBER | |
| control field | 81196 |
| 003 - CONTROL NUMBER IDENTIFIER | |
| rucl marc code | BD-RjUL |
| 005 - DATE AND TIME OF LATEST TRANSACTION | |
| control field | 20230208144035.0 |
| 008 - FIXED-LENGTH DATA ELEMENTS--GENERAL INFORMATION | |
| fixed length control field | 230208s1985 ii ||||| |||| 00| 0 ar d |
| 035 ## - SYSTEM CONTROL NUMBER | |
| System control number | (BD-RjUL)81196 |
| 040 ## - CATALOGING SOURCE | |
| Original cataloging agency | BD-RjUL |
| Language of cataloging | eng |
| Transcribing agency | BD-RjUL |
| 041 ## - LANGUAGE CODE | |
| Language code of text/sound track or separate title | ara |
| 082 ## - DEWEY DECIMAL CLASSIFICATION NUMBER | |
| Edition number | 23 |
| Classification number | 297.0013 |
| Author mark and year | NAI 1985 |
| 100 ## - MAIN ENTRY--PERSONAL NAME | |
| Personal name | الندوي، أبو الحسن علي الحسني، Al-Nadawi, Abu Al-Hassan Ali Al-Hasani. |
| 9 (RLIN) | 6913 |
| 245 14 - TITLE STATEMENT | |
| Title | الإسلام وأثره في الحضارة وفضله على الإنسانية : بحث تاريخي وتحليلي لأثر الإسلام والبعثة المحمدية في الحضارة الإنسانية al'iislam wa'atharuh fi alhadarat wafaddlah ealaa al'iinsaniat : bahth tarikhiun watahliliun li'athar al'iislam walbiethat almuhamadiat fi alhadarat al'iinsania / |
| Statement of responsibility, etc. | أبو الحسن علي الحسني الندوي Abu Al-Hassan Ali Al-Hasani Al-Nadawi, |
| 300 ## - PHYSICAL DESCRIPTION | |
| Pagination | 124 p. ; |
| Size | 23 cm |
| 650 ## - SUBJECT ADDED ENTRY--TOPICAL TERM | |
| Topical term or geographic name as entry element | Humanity |
| Form subdivision | Islam |
| 9 (RLIN) | 6914 |
| 942 ## - ADDED ENTRY ELEMENTS (KOHA) | |
| Source of classification or shelving scheme | Dewey Decimal Classification |
| Koha item type | Books |
| Lost status | Source of classification or shelving scheme | Damaged status | Not for loan | Collection code | Permanent Location | Current Location | Shelving location | Date acquired | Source of acquisition | Cost, normal purchase price | Total Checkouts | Full call number | Date last seen | Copy number | Koha item type |
|---|---|---|---|---|---|---|---|---|---|---|---|---|---|---|---|
| Dewey Decimal Classification | Not For Loan | Non-fiction | Central Library, University of Rajshahi | Central Library, University of Rajshahi | Reading Room | 29/04/1992 | Abacas books, London | 0.66 | A 297.0013 NAI 1985 | 08/02/2023 | C-1 | Books |